000 00750nam a22002417a 4500
003 UA-OsUOA
001 47903
007 ta
008 20121031b un ||||| |||| 00| 0 ukr d
100 _aФрунчак С.
090 _a061
_bФ93
942 _cBK
040 _aUA-OsUOA
_beng
_cUA-OsUOA
_dUA-OsUOA
245 _aСвітовий Конгрес Українців: історія та сучасність (магістерська робота)
300 _a139 с.
955 _a1
041 _aeng
080 _a061
260 _aЧернівці
_c2000
650 7 _a0 Загальний відділ.
_2UDC
999 _c428005
_d428005